|
|
|
|
| LEADER |
00000nas a2200000 a 4500 |
| 001 |
ssj0009445 |
| 003 |
WaSeSS |
| 005 |
20200512172242.0 |
| 006 |
m d |
| 007 |
cr n |
| 008 |
001228c19749999nbuqx pss 0 a0eng c |
| 010 |
|
|
|a 2001212072
|
| 016 |
7 |
|
|a 02168961X
|2 DE-101
|
| 016 |
7 |
|
|a 2045044-8
|2 DE-600
|
| 022 |
|
|
|a 1534-1828
|l 0095-182X
|y 0095-182X
|
| 035 |
|
|
|a (WaSeSS)ssj0009445
|
| 037 |
|
|
|b Project Muse, The Johns Hopkins University Press, 2715 N. Charles Street, Baltimore, Maryland 21211
|
| 040 |
|
|
|a JHE
|b eng
|c JHE
|d NSD
|d EYM
|d OCLCQ
|d MUQ
|d OCLCQ
|d EYM
|d OCLCQ
|d F#A
|d OCLCQ
|d EEM
|d OCLCQ
|d GBVCP
|d OCLCQ
|d OCLCF
|d OCLCO
|d OCLCQ
|d WT2
|d UUM
|d GILDS
|d OCLCO
|d OCLCQ
|d WYU
|d VT2
|d OCLCO
|d CUS
|d OCLCQ
|d OCLCO
|d WaSeSS
|
| 042 |
|
|
|a nsdp
|a pcc
|
| 050 |
1 |
4 |
|a E75
|
| 082 |
1 |
0 |
|a 970
|2 13
|
| 130 |
0 |
|
|a American Indian quarterly (Online)
|
| 210 |
1 |
|
|a Am. Indian q.
|b (Online)
|
| 222 |
|
0 |
|a American Indian quarterly
|b (Online)
|
| 245 |
1 |
0 |
|a American Indian quarterly
|h [electronic resource].
|
| 246 |
1 |
3 |
|a AIQ
|
| 260 |
|
|
|a Hurst, TX :
|b Southwestern American Indian Society,
|c 1974-
|
| 310 |
|
|
|a 4 no. a year
|
| 362 |
0 |
|
|a Vol. 1, no. 1 (spring 1974)-
|
| 500 |
|
|
|a Published by: Society for American Indian Studies & Research, autumn 1977-1979; published: Berkeley, CA : University of California, Berkeley, Native American Studies Program, 1982-1992; Lincoln, NE : University of Nebraska Press, 1993-
|
| 500 |
|
|
|a Title from title screen (JSTOR, viewed July 14, 2004).
|
| 506 |
|
|
|a License restrictions may limit access.
|
| 515 |
|
|
|a Some no. combined.
|
| 538 |
|
|
|a Mode of access: World Wide Web.
|
| 588 |
1 |
|
|a Vol. 24, no. 3 (summer 2000) (Project Muse, Dec. 27, 2000).
|
| 650 |
|
0 |
|a Indians of North America
|v Periodicals.
|
| 650 |
|
0 |
|a Indians of Mexico
|v Periodicals.
|
| 650 |
|
0 |
|a Indians of Central America
|v Periodicals.
|
| 650 |
|
6 |
|a Indiens d'Amérique
|z États-Unis
|v Périodiques.
|
| 650 |
|
6 |
|a Indiens d'Amérique
|z Mexique
|v Périodiques.
|
| 650 |
|
6 |
|a Indiens d'Amérique
|z Amérique centrale
|v Périodiques.
|
| 650 |
|
7 |
|a United States History.
|2 ebps
|
| 650 |
|
7 |
|a Native American Studies.
|2 ebps
|
| 650 |
|
7 |
|a Indians of Central America.
|2 fast
|0 (OCoLC)fst00969430
|
| 650 |
|
7 |
|a Indians of Mexico.
|2 fast
|0 (OCoLC)fst00969510
|
| 650 |
|
7 |
|a Indians of North America.
|2 fast
|0 (OCoLC)fst00969633
|
| 655 |
|
0 |
|a Electronic journals.
|
| 710 |
2 |
|
|a Southwestern American Indian Society (U.S.)
|
| 710 |
2 |
|
|a Society for American Indian Studies & Research (U.S.)
|
| 710 |
2 |
|
|a University of California, Berkeley.
|b Native American Studies.
|
| 776 |
1 |
|
|t American Indian quarterly
|x 0095-182X
|w (DLC) 74647596
|w (OCoLC)1795987
|
| 856 |
4 |
0 |
|z Full text available from Research Library: 04/01/1995 to present
|u https://search.proquest.com/publication/37338
|